El capitán fracasa / (Registro nro. 12690)
[ vista simple ]
| 000 -LIDER | |
|---|---|
| fixed length control field | 00714nam a22002297a 4500 |
| 003 - IDENTIFICACDOR DE NÚMERO DE CONTROL | |
| control field | DO-SdBNP |
| 005 - DATE AND TIME OF LATEST TRANSACTION | |
| control field | 20230302125432.0 |
| 008 - ELEMENTOS DE LONGITUD FIJA | |
| fixed length control field | 171025b 2008 sp 00| 0 spa d |
| 020 ## - ISBN | |
| International Standard Book Number | 9788440717719 |
| 040 ## - FUENTE DE CATALOGACIÓN | |
| Agencia que crea de manera original el registro | BPMSU |
| Idioma de catalogación | spa |
| Agencia que realiza la transcripción | BPMSU |
| 082 #4 - NÚMERO DE CLASIFICACIÓN DECIMAL DE DEWEY | |
| Classification number | 843.77 |
| Item number | G277c 2008 |
| Edition number | 22 |
| 100 1# - ASIENTO PRINCIPAL -- NOMBRE PERSONAL | |
| Nombre personal | Gautier, Théophile |
| Fechas asociadas con el nombre | d1811-1872. |
| 245 13 - MENCIÓN DE TITULO | |
| Título | El capitán fracasa / |
| Mención de responsabilidad | Théophile Gautier |
| 260 ## - PUBLICACIÓN, DISTRIBUCIÓN, ETC. (PIE DE IMPRENTA) | |
| Lugar de publicación, distribución, etc | Madrid : |
| Nombre del editor, distribuidor, etc. | Club Internacional del Libro, |
| Fecha de publicación, distribución, etc | 2008 |
| 300 ## - DESCRIPCIÓN FÍSICA | |
| Extensión | 269 p. ; |
| Dimensiones | 20 cm. |
| 490 0# - MENCIÓN DE SERIES | |
| Mención de serie | Grandes clásicos de la novela de aventuras |
| 590 ## - NOTA LOCAL | |
| Texto de la nota local | Inventariado, 2023/VM |
| 650 #4 - ENCABEZAMIENTO DE MATERIA--TEMÁTICO | |
| Término temático o nombre geográfico como elemento de entrada | Novela francesa. |
| Fuente del encabezamiento o término | |
| 650 #4 - ENCABEZAMIENTO DE MATERIA--TEMÁTICO | |
| Término temático o nombre geográfico como elemento de entrada | Espiritualidad |
| Subdivisión de forma | Novela |
| 910 ## - VALIDACIÓN | |
| Validación | BTAVAREZ/ VMateo V. Control de calidad (BPMSU) |
| 942 ## - ADDED ENTRY ELEMENTS (KOHA) | |
| Source of classification or shelving scheme | Dewey Decimal Classification |
| Koha item type | Libros |
| Withdrawn status | Lost status | Source of classification or shelving scheme | Damaged status | Not for loan | Collection code | Home library | Current library | Date acquired | Source of acquisition | Total Checkouts | Barcode | Date last seen | Price effective from | Koha item type | Full call number |
|---|---|---|---|---|---|---|---|---|---|---|---|---|---|---|---|
| Dewey Decimal Classification | Colección Juvenil General | Biblioteca Pública Metropolitana Salomé Ureña | Biblioteca Pública Metropolitana Salomé Ureña | 10/25/2017 | Sin sellar | BPMSU17100146 | 10/25/2017 | 10/25/2017 | Libros | ||||||
| Dewey Decimal Classification | Colección Juvenil General | Biblioteca Pública Metropolitana Salomé Ureña | Biblioteca Pública Metropolitana Salomé Ureña | 02/02/2018 | BPMSU18020039 | 02/02/2018 | 02/02/2018 | Libros | BPMSU CG 843.77 G277c 2008 |